| 000 | 01383nam a2200397 i 4500 | ||
|---|---|---|---|
| 001 | 44792 | ||
| 003 | ES-MaCES | ||
| 005 | 20220408040013.0 | ||
| 008 | 140625s2014 sp 000 | spa d | ||
| 017 |
_aV 147-2014 _bDL |
||
| 020 | _a9788490535264 | ||
| 040 |
_aES-MaCES _bspa _cES-MaCES |
||
| 245 | 0 | 3 |
_aLa reforma de la pensión de jubilación _c(coords.), Belén García Romero, Mª del Carmen López Aniorte ; (autores), Jesús María Galiana Moreno ... [et al.] |
| 260 |
_aValencia _bTirant lo Blanch _c2014 |
||
| 300 |
_a277 p. _c21 cm |
||
| 490 | 1 |
_aTirant monografías _v905 |
|
| 504 | _aBibliografía | ||
| 541 | 0 | _cCompra | |
| 650 | 4 |
_ajubilación _928360 |
|
| 650 | 4 |
_arégimen de pensión _927042 |
|
| 650 | 4 |
_aprestaciones de vejez _927041 |
|
| 650 | 4 |
_ajubilación progresiva _930271 |
|
| 650 | 4 |
_acotizaciones _930106 |
|
| 650 | 4 |
_alegislación de seguridad social _929855 |
|
| 650 | 4 |
_areforma de la seguridad social _930668 |
|
| 650 | 4 |
_aEspaña _926964 |
|
| 650 | 4 |
_acampo de aplicación _930263 |
|
| 650 | 4 |
_929152 _ajubilación anticipada |
|
| 653 | 1 | 0 | _aSeguridad Social |
| 700 | 1 |
_913053 _aGarcía Romero, María Belén _ecol. |
|
| 700 | 1 |
_916828 _aLópez Aniorte, María del Carmen _ecol. |
|
| 700 | 1 |
_912597 _aGaliana Moreno, Jesús María |
|
| 830 | 0 |
_aTirant monografías _v905 _932480 |
|
| 902 | _aLIB Libro | ||
| 942 |
_2CES _cBK _h3.0. |
||
| 999 |
_c44792 _d44792 |
||